Faculty of Law Library — Cairo University

Official Online Catalog

الشك وأثره في القانون الجنائي (دراسة تحليلية تطبيقية مقارنة) / (Record no. 64983)

MARC details
000 -LEADER
fixed length control field 04655nam a2200493 4500
003 - CONTROL NUMBER IDENTIFIER
control field EG-GICUC
005 - أخر تعامل مع التسجيلة
control field 20260305100421.0
008 - FIXED-LENGTH DATA ELEMENTS--GENERAL INFORMATION
fixed length control field 260305s2025 ua ||||fr|||| 000 0 ara d
040 ## - CATALOGING SOURCE
Original cataloguing agency EG-GICUC
Transcribing agency EG-GICUC
Modifying agency EG-GICUC
Description conventions rda
Language of cataloging: ara
041 0# - LANGUAGE CODE
Language code of text/sound track or separate title ara
Language code of sung or spoken text ara
Language code of summary or abstract ara
049 ## - Acquisition Source
Acquisition Source إهداء
082 04 - DEWEY DECIMAL CLASSIFICATION NUMBER
Classification number 343
Edition number 21
097 ## - Degree
Degree Ph.D
099 ## - LOCAL FREE-TEXT CALL NUMBER (OCLC)
Local Call Number Law 10 PHD 2025
100 0# - MAIN ENTRY--PERSONAL NAME
Authority record control number or standard number عبد البر أحمد مصطفي فضل
Preparation مؤلف.
245 10 - TITLE STATEMENT
Title الشك وأثره في القانون الجنائي (دراسة تحليلية تطبيقية مقارنة) /
Statement of responsibility, etc. إعداد عبد البر أحمد مصطفي فضل؛ إشراف الأستاذ الدكتور أحمد عوض بلال.
264 #0 - PRODUCTION, PUBLICATION, DISTRIBUTION, MANUFACTURE, AND COPYRIGHT NOTICE
Place of production, publication, distribution, manufacture القاهرة :
Name of producer, publisher, distributor, manufacturer كلية الحقوق - جامعة القاهرة,
Date of production, publication, distribution, manufacture, or copyright notice 2025.
300 ## - PHYSICAL DESCRIPTION
Extent 288 صفحة :
Dimensions 25 سم.
336 ## - CONTENT TYPE
Content type term text
Source rda content
337 ## - MEDIA TYPE
Media type term Computer
Source rda media
338 ## - CARRIER TYPE
Carrier type term Online Resource
Source rda carrier
502 ## - DISSERTATION NOTE
Dissertation note أطروحة (دكتوراة)-جامعة القاهرة، كلية الحقوق، قسم القانون الجنائي، 2025.
504 ## - BIBLIOGRAPHY, ETC. NOTE
Bibliography, etc. note يشتمل على إرجاعات بيبليوجرافية: 262-281
520 3# - SUMMARY, ETC.
Summary, etc. يرجع سبب اختيارنا لهذا الموضوع نظرا لأهميته البالغة لتفصل في إمكانية حبس أو سين المتهم وتقييد حرياته بما يحمله من آثار وانعكاسات سلبية، وبين إمكانية بقائه هذا وبالنظر إلى أن الدراسات الفقهية تكتفي بمجرد إحاطة هذا الموضوع بالمفاهيم النظرية، فضلا عن كونه جزئية دقيقة شتات بحث تتطلب اجتهادا واهتماما بالغين.<br/><br/>وبعد أن اعاننا الله على إتمام هذا العمل المتواضع، ومن ثم يمكن القول الأصل في المتهم البراءة، ومن يدعى خلاف الأصل يقع عليه عبده الإثبات، إذ أن البراءة ثابتة الحكم الأصل، فلا تحتاج إلى إثبات، والذي يحتج إلى إثبات هو الإدانة والمرء لا يكلف بإدانة نفسه، وإنما يكلف بذلك من له مصلحة في إثبات الإدانة فيكون عليه، وإن لم يأتي لتلك الأدلة أو جاء بأدلة مشكوك فيها سقطت دعواه، وقل المدعى عليه برىء يحكم الأصل سيما وأن الدعوى الجنائية في الغالب الأعم تبدو في صورة شك في اسناد واقعة معينة إلى المتهم، وهدف الإجراءات الجنائية في ذلك هو استظهار الحقيقة من خلال البحث عنها، فإذا لم يتحقق اليقين وبقى الشك على ما هو عليه فهو غير كافي في حد ذاته.<br/><br/>إن الشك في الأدلة يعنى إهدار أدلة الإدانة والرجوع إلى الأصل العام وهو البراءة؛ لأن الأحكام الصادرة بالإدانة لا تبنى إلا على اليقين والجزم، كما تقدم بيان ذلك مفصلا، وأما البراءة فيجوز أن تبنى على الشك، وهذا ما تقتضيه العدلة. وقد أيدت محكمة النقض المصرية هذا المبدأ حيث قضت بأنه يكفى أن تبنى في المحاكمة الجنائية أن يتشكك القاضي في صحة استاد التهمة إلى المتهم لكي يقضى له بالبراءة، إذ مرجع هذا الأمر في ذلك إلى ما يطمئن إليه في تقدير الدليل مادام الظاهر من الحكم أنه أحاط بالدعوى عن بصر وبصيرة.
546 ## - LANGUAGE NOTE
Text Language النص بالعربية والملخص باللغة الإنجليزية والعربية.
650 04 - SUBJECT ADDED ENTRY--TOPICAL TERM
Topical term or geographic name entry element القانون الجنائي
653 #0 - INDEX TERM--UNCONTROLLED
Uncontrolled term اليقين
653 #0 - INDEX TERM--UNCONTROLLED
Uncontrolled term الحقيقة
653 #0 - INDEX TERM--UNCONTROLLED
Uncontrolled term شك
653 #0 - INDEX TERM--UNCONTROLLED
Uncontrolled term الدعوى الجنائية
653 #0 - INDEX TERM--UNCONTROLLED
Uncontrolled term الأدلة
653 #0 - INDEX TERM--UNCONTROLLED
Uncontrolled term الإدانة
653 #0 - INDEX TERM--UNCONTROLLED
Uncontrolled term إثبات
653 #0 - INDEX TERM--UNCONTROLLED
Uncontrolled term البراءة
653 #0 - INDEX TERM--UNCONTROLLED
Uncontrolled term الدراسات الفقهية
653 #0 - INDEX TERM--UNCONTROLLED
Uncontrolled term المتهم
655 #4 - INDEX TERM--GENRE/FORM
Genre/form data or focus term رسائل جامعية
Geographic subdivision جامعة القاهرة
700 0# - ADDED ENTRY--PERSONAL NAME
Personal name أحمد عوض بلال
Relator term مشرف.
710 2# - ADDED ENTRY--CORPORATE NAME
Corporate name or jurisdiction name as entry element جامعة القاهرة
Subordinate unit كلية الحقوق
856 ## - ELECTRONIC LOCATION AND ACCESS
Uniform Resource Identifier <a href="https://fll.law.cu.edu.eg/fulltext/th/T10-04331.pdf">https://fll.law.cu.edu.eg/fulltext/th/T10-04331.pdf</a>
900 ## - Thesis Information
Grant date 2025
Universities جامعة القاهرة
Faculties كلية الحقوق
Department قسم القانون الجنائي
905 ## - Cataloger and Reviser Names
Cataloger Name: Hoda
942 ## - ADDED ENTRY ELEMENTS (KOHA)
Source of classification or shelving scheme Dewey Decimal Classification
Suppress in OPAC No
Koha item type Thesis
Edition 21
Holdings
Source of classification or shelving scheme Collection Home library Current library Date acquired Full call number Barcode Date last seen Copy number Effective from Koha item type
Dewey Decimal Classification القانون الجنائي جــــامعة القــاهرة مكتبة كلية الحقوق - المبنى الرئيسي 05.03.2026 Law1 10 PHD 2025 1004331 C1 T10-04331 05.03.2026 1 05.03.2026 Thesis
Dewey Decimal Classification القانون الجنائي جــــامعة القــاهرة مكتبة كلية الحقوق - المبنى الرئيسي 05.03.2026 Law1 10 PHD 2025 1004332 C2 T10-04332 05.03.2026 2 05.03.2026 Thesis
Dewey Decimal Classification القانون الجنائي جــــامعة القــاهرة مكتبة كلية الحقوق - فـرع الشيخ زايد 05.03.2026 Law2 10 PHD 2025 1004333 C3 T10-04333 05.03.2026 3 05.03.2026 Thesis

© All rights reserved — Faculty of Law, Cairo University